Sm-Liiga teams - Statistics

General Stats
  • This quiz has been taken 975 times
  • The average score is 12 of 14
Answer Stats
Hint Answer % Correct
Tampereen Tappara
97%
Tampereen Ilves
94%
Helsingin IFK
93%
Oulun Kärpät
93%
Rauman Lukko
87%
SaiPa Lappeenranta
87%
TPS Turku
87%
Helsingin Jokerit
85%
Lahden Pelicans
85%
Porin Ässät
85%
KalPa Kuopio
84%
JYP Jyväskylä
83%
HPK Hämeenlinna
81%
Espoon Blues
76%
No matching quizzes found
Score Distribution
Percent of People with Each Score
Percentile by Number Answered
Your Score History
You have not taken this quiz